Inovácie v podnikoch služieb 1 prípadová štúdia

Uložené v:
Podrobná bibliografia
Hlavný autor: Kubičková, Viera, 1970-
Médium: Kniha
Jazyk:Slovak
Vydavateľské údaje: [Bratislava] [2011]
Predmet:
Tagy: Pridať tag
Žiadne tagy, Buďte prvý, kto otaguje tento záznam!

MARC

LEADER 00000nam$a2200000$$$4500
001 0128641
005 20240502072456.1
041 0 |a slo 
044 |a SK 
245 1 0 |a Inovácie v podnikoch služieb 1  |b prípadová štúdia  |c Viera Kubičková 
264 1 |a [Bratislava]  |c [2011] 
500 |a Výstup z projektu Modernizácia učebných osnov na SOU SD Jednota 
610 2 0 |a podnik služieb 
610 2 0 |a inovácia 
610 2 0 |a služby 
610 2 0 |a vzdelanie odborné 
610 2 0 |a učilištia odborné stredné 
100 1 |a Kubičková, Viera, 1970-